000 02505ncm0a2200433 4500
001 RU\NLR\ONIZ\219250
005 20250626085031.0
013 _a979-0-9003067-4-6
021 _aRU
_b16-51н
_916-4н
035 _aRU\NLR\ONIZ\Таня\5000005193\20170811122908
035 _a(NLR Aleph) 011534821
090 _a12163457
_c12163457
100 _a20170811d2013 |||y0rusy50 ca
101 0 _arus
102 _aRU
125 _azx
145 0 _ab
200 1 _aШкола игры на хроматическом кантеле по методике Э. Страчевской
_bНоты
_eучеб.-метод. пособие
_e1-4-й кл.
_fА. Белобородов
210 _aПетрозаводск
_cПетрозаводская гос. консерватория им. А. К. Глазунова
_d2013
215 _a89 с.
_cфотопортр.
_d29 см
225 1 _aМузыкальная традиция Северной Карелии
300 _aКрат. биогр. справки: с. 4 обл.
300 _aОт авт. методики: с. 3-4
313 _aСистематизация документа проведена по изданию - Методика классифицирования музыкальных произведений (нотных изданий) по таблицам Библиотечно-библиографических классификаций : метод. рекомендации / Гос. б-ка СССР им. В.И. Ленина.- М., 1977. Индексу ББК методических рекомендаций присваивается код ББК для научных библиотек - LBC/SL
606 1 _aШкола игры на кантеле
_yРоссия
_zXXI век
_jНоты
_2nlr_sh
686 _aЩ956.991(2Р) кантеле
_vLBC/SL
_2rubbk
700 1 _9z01790
_aБелобородов
_bА. С.
_f1948-2016
_gАлександр Сергеевич
_4230
702 1 _9z02790
_aСтрачевская
_bЭ. Е.
_gЭмилия Евгеньевна
_4070
790 1 _9z01700
_aBeloborodov
_bA. S.
_f1948-2016
_gAleksandr Sergeevich
_4230
790 1 _9z02702
_aStrachevskaya
_bE. E.
_gE`miliya Evgen`evna
_4070
801 0 _aRU
_bNLR
_c20170811
_gPSBO
801 1 _aRU
_bNLR
_c20170811
_2rusmarc
801 2 _aRU
_bNLR
_c20200117
852 _aNLR
_bМ
_j3/11690
_pМОЭ 2016-4н/51н
_t1
852 _aNLR
_bМ
_j3/11690а
_pМОЭ 2016-4н/51на
_t2
942 _cSCORE
980 _aNB
980 _aONIZ